| 000 | 00419nam a2200145 i 4500 | ||
|---|---|---|---|
| 001 | 55610 | ||
| 003 | ES-MaACL | ||
| 005 | 20230906163159.0 | ||
| 007 | t| | ||
| 008 | 030924s1903 sp ||||1| spa d | ||
| 100 | 1 |
_aDesfilis y Pascual, Manuel. _943872 |
|
| 245 | 1 | 3 |
_aLa indicanurias en las afecciones del estómago / _cManuel Desfilis y Pascual. |
| 260 |
_aValencia : _b[s.n.], _c1903. |
||
| 852 |
_aES-MaACL _jT-1080-F-4 |
||
| 999 |
_c55610 _d55610 |
||